La France moderne et le problème colonial (Record no. 139507)
[ view plain ]
| 000 -LEADER | |
|---|---|
| campo de control de longitud fija | 00604nam a2200157 4500 |
| 001 - NÚMERO DE CONTROL | |
| campo de control | 139507 |
| 003 - IDENTIFICADOR DE NÚMERO DE CONTROL | |
| campo de control | ES-MaACL |
| 005 - FECHA Y HORA DE LA ÚLTIMA TRANSACCIÓN | |
| campo de control | 20230906195827.0 |
| 007 - CAMPO FIJO DE DESCRIPCIÓN FÍSICA--INFORMACIÓN GENERAL | |
| campo de control de longitud fija | t| |
| 008 - DATOS DE LONGITUD FIJA--INFORMACIÓN GENERAL | |
| campo de control de longitud fija | 070214s1907 fr r ||||1| fre d |
| 100 1# - ENTRADA PRINCIPAL--NOMBRE DE PERSONA | |
| Nombre de persona | Schefer, Christian. |
| 9 (RLIN) | 104264 |
| 245 13 - MENCIÓN DEL TÍTULO | |
| Título | La France moderne et le problème colonial |
| Resto del título | : les traditions et les idées / |
| Mención de responsabilidad, etc. | par Christian Schefer. |
| Número de parte o sección de la obra | , . I, |
| Nombre de parte o sección de la obra | Les traditions et les idées nouvelles, la réorganisation administrative, la reprise de l'expansion (1815-1830). |
| 260 ## - PUBLICACIÓN, DISTRIBUCIÓN, ETC. | |
| Lugar de publicación, distribución, etc. | Paris : |
| Nombre del editor, distribuidor, etc. | Félix, |
| Fecha de publicación, distribución, etc. | Alcan ( |
| Fabricante | 1907) |
| 300 ## - DESCRIPCIÓN FÍSICA | |
| Extensión | XX, 460 p. ; |
| Dimensiones | 23 cm. |
| 852 ## - LOCALIZACIÓN | |
| Ubicación | ES-MaACL |
| Número de control de estantería | G-7160 |
| Estatus retirado | Estado de pérdida | Estado de daño | No para préstamo | Biblioteca de origen | Biblioteca actual | Ubicación en estantería | Fecha de adquisición | Fuente de adquisición | Total de préstamos | Signatura topográfica completa | Código de barras | Visto por última vez | Precio de reemplazo | Tipo de ítem Koha |
|---|---|---|---|---|---|---|---|---|---|---|---|---|---|---|
| Biblioteca del Ateneo de Madrid | Biblioteca del Ateneo de Madrid | Depósito 2 | 17/01/2008 | G-7160 | 1145180 | 23/02/2023 | 23/02/2023 | Libro impreso |
